| 000 | 00853cab a2200253 4500 | ||
|---|---|---|---|
| 001 | ABS53066 | ||
| 008 | 090401t1995 xxu||||| |||| 00| 0 eng d | ||
| 035 | _a(Sirsi) u1711 | ||
| 041 | _aeng | ||
| 100 | _aKnight, C. | ||
| 245 | 4 | _aThe pitfalls of `town cramming` | |
| 260 | _c1995 | ||
| 350 | _a0 | ||
| 490 |
_aPlanning Week _v3(23) 8 June 1995, 14-15(2) |
||
| 520 | _aCritique of the proposal put foward by Julian Pitt (ABS52761) that intensification of housing stock is necessary to meet demand. Argues that political, social and economic practicalities of this scheme do not make it a viable proposition. | ||
| 650 | _aHOUSING DENSITY | ||
| 650 | _aHOUSING | ||
| 650 | _aRESIDENTIAL DEVELOPMENT | ||
| 650 | _aURBAN INTENSIFICATION | ||
| 650 | _aURBAN REGENERATION | ||
| 690 | _aHOUSING-DEVELOPMENT | ||
| 942 | _n0 | ||
| 948 | _c04/03/1997 | ||
| 999 |
_c981 _d981 |
||